| 000 | 00503nam a2200181 a 4500 | ||
|---|---|---|---|
| 001 | 5837 | ||
| 003 | CDMR | ||
| 005 | 20131025124241.0 | ||
| 008 | 130220s2010||||||||||||||||||||||||||||d | ||
| 020 | _a9788461454754 | ||
| 040 |
_aCDMR _bcat _cCDMR |
||
| 100 | 1 |
_aIzquierdo, José Maria _92864 |
|
| 245 | 1 | 4 |
_aLos cornetas del apocalipsis _cJosé Maria Izquierdo |
| 260 |
_aMadrid _bLa hoja del monte _c2010 |
||
| 300 |
_a131 p. ; _c21 cm |
||
| 500 | _aConté 10 fotografies de periodistes. | ||
| 942 |
_cMON _2udc |
||
| 999 |
_c5837 _d5837 |
||